Statistics for Math from A to Z

Click here to take the quiz!

General Stats

  • This quiz has been taken 795 times
  • The average score is 10 of 26

Answer Stats

LetterHintAnswer% Correct
CBranch of math associated with funtions, derivatives, and integralsCalculus
83%
GBranch of math of which Euclid is the fatherGeometry
82%
TThe study of trianglesTrigonometry
72%
IYou can keep on counting; there'll always be one moreInfinity
63%
AThe figure formed by two raysAngle
62%
NEnglish physicist and mathematician who who developed a method for approximating the roots of a functionNewton
60%
VA geometric quantity having both magnitude and directionVector
58%
XDefault variableX
58%
MA rectangular array of elements arranged in rows and columnsMatrix
49%
QA polynomial of function of degree 2Quadratic
49%
OPEMDAS is a mnemonicOrder of operations
43%
JAstronomer KeplerJohannes
40%
PA deductive argument for a mathematical statementProof
38%
E2.7182828282828282828…Euler's Number
36%
HCurved defined by f(x) = 1/xHyperbola
34%
SAngles that add up to 180 degreesSupplementary
34%
UThe collection of points in more than one setUnion
28%
ZGreek philosopher known for his paradoxesZeno of Elea
24%
DHaving distinct, separate valuesDiscrete
22%
BFuller who popularized the geodesic domeBuckminster
18%
FThe study of the way general functions may be approximated by sums of simpler trigonometric functionsFourier Analysis
16%
RThe sum of rectangles or trapezoids that approximates the area of a region under a curveRiemann
15%
Y1982 Fields medal recipient Shing-TungYau
3%
KThe study of circles embedded in 3-dimensional Euclidean spaceKnot Theory
2%
LThe roulette formed when a circle rolls around the outside of a circle of equal radiusLimacon
2%
WA function that is zero-valued outside of some chosen intervalWindow Function
2%

Score Distribution

Percentile by Number Answered

Percent of People with Each Score

Your Score History

You have not taken this quiz